<?xml version="1.0" encoding="UTF-8"?>
<record
    xmlns:xsi="http://www.w3.org/2001/XMLSchema-instance"
    xsi:schemaLocation="http://www.loc.gov/MARC21/slim http://www.loc.gov/standards/marcxml/schema/MARC21slim.xsd"
    xmlns="http://www.loc.gov/MARC21/slim">

  <leader>00693nam a2200241   4500</leader>
  <controlfield tag="003">KPN</controlfield>
  <controlfield tag="005">20260129105406.0</controlfield>
  <controlfield tag="008">20260129b   00| 0 my d</controlfield>
  <datafield tag="020" ind1=" " ind2=" ">
    <subfield code="a">9789836244727</subfield>
    <subfield code="c">RM54.72</subfield>
    <subfield code="q">paperback</subfield>
  </datafield>
  <datafield tag="020" ind1=" " ind2=" ">
    <subfield code="a">9789836244727</subfield>
  </datafield>
  <datafield tag="040" ind1=" " ind2=" ">
    <subfield code="c">KPN</subfield>
  </datafield>
  <datafield tag="082" ind1="0" ind2="4">
    <subfield code="a">364.1323 ALA 1995</subfield>
  </datafield>
  <datafield tag="090" ind1=" " ind2=" ">
    <subfield code="a">364.1323 ALA 1995</subfield>
    <subfield code="b">ALA</subfield>
  </datafield>
  <datafield tag="100" ind1=" " ind2=" ">
    <subfield code="a">Alatas, Syed Hussein,</subfield>
    <subfield code="d">1928-2007</subfield>
  </datafield>
  <datafield tag="245" ind1="1" ind2="0">
    <subfield code="a">Rasuah :</subfield>
    <subfield code="b">sifat sebab dan fungsi /</subfield>
    <subfield code="c">Syed Hussein Alatas</subfield>
  </datafield>
  <datafield tag="260" ind1=" " ind2=" ">
    <subfield code="a">Kuala Lumpur :</subfield>
    <subfield code="b">Dewan Bahasa dan Pustaka,</subfield>
    <subfield code="c">1995</subfield>
  </datafield>
  <datafield tag="300" ind1=" " ind2=" ">
    <subfield code="a">xxvi, 307ms. ;</subfield>
    <subfield code="c">22cm</subfield>
  </datafield>
  <datafield tag="500" ind1=" " ind2=" ">
    <subfield code="a">Mengandungi indeks</subfield>
  </datafield>
  <datafield tag="504" ind1=" " ind2=" ">
    <subfield code="a">Bibliografi: ms. 281 - 299</subfield>
  </datafield>
  <datafield tag="650" ind1=" " ind2="0">
    <subfield code="a">Bribery</subfield>
  </datafield>
  <datafield tag="650" ind1=" " ind2="0">
    <subfield code="a">Political corruption</subfield>
  </datafield>
  <datafield tag="942" ind1=" " ind2=" ">
    <subfield code="2">ddc</subfield>
    <subfield code="c">1</subfield>
    <subfield code="n">0</subfield>
  </datafield>
  <datafield tag="999" ind1=" " ind2=" ">
    <subfield code="c">1705</subfield>
    <subfield code="d">1705</subfield>
  </datafield>
  <datafield tag="952" ind1=" " ind2=" ">
    <subfield code="0">0</subfield>
    <subfield code="1">0</subfield>
    <subfield code="2">ddc</subfield>
    <subfield code="4">0</subfield>
    <subfield code="7">0</subfield>
    <subfield code="8">NF</subfield>
    <subfield code="a">KPN</subfield>
    <subfield code="b">KPN</subfield>
    <subfield code="c">NFIC300</subfield>
    <subfield code="d">2026-01-29</subfield>
    <subfield code="l">1</subfield>
    <subfield code="m">2</subfield>
    <subfield code="o">364.1323 ALA 1995</subfield>
    <subfield code="p">KPN26010026</subfield>
    <subfield code="q">2026-05-20</subfield>
    <subfield code="r">2026-02-24</subfield>
    <subfield code="s">2026-02-24</subfield>
    <subfield code="w">2026-01-29</subfield>
    <subfield code="y">1</subfield>
  </datafield>
</record>
